000 00224nam a22000857a 4500
008 161022b xxu||||| |||| 00| 0 eng d
100 _9938
_aKhurana.S.
245 _aMathematics Lab-VI
260 _aNew Delhi
_bLBP. Publications
_c2011
999 _c3592
_d3592